US States Without 'E' Minefield Quiz Stats

 Plays Quiz Updated Feb 6, 2019

Support Sporcle.
Go Orange.
Score 0/30 Timer 04:00
6 Plays Today
% Correct
???
94%
???
92.4%
???
88.7%
???
86.9%
???
86.8%
???
86.7%
???
84.2%
???
83.4%
???
83.4%
???
82.8%
???
82.5%
???
82.3%
???
82%
???
81.2%
???
81.1%
% Correct
???
81.1%
???
80.9%
???
80.8%
???
80.4%
???
80.4%
???
79.5%
???
79.2%
???
79%
???
78.4%
???
78.2%
???
78.2%
???
76.4%
???
75.4%
???
74.7%
???
71.1%

You're not logged in!

Compare scores with friends on all Sporcle quizzes.
OR
Log In
Forgot?

From the Vault

Slow Reveal: History Edition

by Hejman

History 60s
We're not in a hurry here.
Remove Ads.
Support Sporcle.
Get the best of Sporcle when you Go Orange. This ad-free experience offers more features, more stats, and more fun while also helping to support Sporcle. Thank you for becoming a member.

Show Comments

Extras

Top Quizzes Today


Score Distribution

Your Account Isn't Verified!

In order to create a playlist on Sporcle, you need to verify the email address you used during registration. Go to your Sporcle Settings to finish the process.

Report this User

Report this user for behavior that violates our Community Guidelines.

Details: